000
00260nam a2200097Ia 4500
001
710664
005
20250826162753.0
008
250824s9999 xx 000 0 und d
245
0
_a
BARBA ROSSA GİZEMLİ HAZİNE
_c
MEHMET ATILGAN
260
_b
GENÇ TİMAŞ YAYINLARI
999
_c
710664
_d
710664